<?xml version="1.0" encoding="UTF-8"?>
<record
    xmlns:xsi="http://www.w3.org/2001/XMLSchema-instance"
    xsi:schemaLocation="http://www.loc.gov/MARC21/slim http://www.loc.gov/standards/marcxml/schema/MARC21slim.xsd"
    xmlns="http://www.loc.gov/MARC21/slim">

  <leader>01017nam a2200193 ar4500</leader>
  <controlfield tag="001">4056</controlfield>
  <controlfield tag="005">20221127090853.0</controlfield>
  <controlfield tag="008">141225s        su a     r   o00010 ara d</controlfield>
  <datafield tag="020" ind1=" " ind2=" ">
    <subfield code="a">9789960170992</subfield>
  </datafield>
  <datafield tag="082" ind1="0" ind2="4">
    <subfield code="a">378.0025531</subfield>
    <subfield code="b">&#x633;403 &#x62F; &#x62A;</subfield>
  </datafield>
  <datafield tag="110" ind1="1" ind2=" ">
    <subfield code="a">&#x627;&#x644;&#x633;&#x639;&#x648;&#x62F;&#x64A;&#x629;.</subfield>
    <subfield code="b">&#x648;&#x632;&#x627;&#x631;&#x629; &#x627;&#x644;&#x62A;&#x639;&#x644;&#x64A;&#x645; &#x627;&#x644;&#x639;&#x627;&#x644;&#x64A;.</subfield>
    <subfield code="b">&#x645;&#x631;&#x643;&#x632; &#x627;&#x62D;&#x635;&#x627;&#x621;&#x627;&#x62A; &#x627;&#x644;&#x62A;&#x639;&#x644;&#x64A;&#x645; &#x627;&#x644;&#x639;&#x627;&#x644;&#x64A;.</subfield>
  </datafield>
  <datafield tag="245" ind1="1" ind2="0">
    <subfield code="a">&#x62F;&#x644;&#x64A;&#x644; &#x627;&#x644;&#x62A;&#x62E;&#x635;&#x635;&#x627;&#x62A; &#x641;&#x64A; &#x645;&#x624;&#x633;&#x633;&#x627;&#x62A; &#x627;&#x644;&#x62A;&#x639;&#x644;&#x64A;&#x645; &#x627;&#x644;&#x639;&#x627;&#x644;&#x64A; &#x641;&#x64A; &#x627;&#x644;&#x645;&#x645;&#x644;&#x643;&#x629; &#x627;&#x644;&#x639;&#x631;&#x628;&#x64A;&#x629; &#x627;&#x644;&#x633;&#x639;&#x648;&#x62F;&#x64A;&#x629; &#x627;&#x644;&#x639;&#x627;&#x645; &#x627;&#x644;&#x62F;&#x631;&#x627;&#x633;&#x64A; 1432/1433&#x647;&#x640;&#x640; /</subfield>
    <subfield code="c">&#x627;&#x635;&#x62F;&#x627;&#x631; &#x645;&#x631;&#x643;&#x632; &#x627;&#x62D;&#x635;&#x627;&#x621;&#x627;&#x62A; &#x627;&#x644;&#x62A;&#x639;&#x644;&#x64A;&#x645; &#x627;&#x644;&#x639;&#x627;&#x644;&#x64A; &#x61B; &#x627;&#x634;&#x631;&#x627;&#x641; &#x639;&#x628;&#x62F;&#x627;&#x644;&#x631;&#x62D;&#x645;&#x646; &#x628;&#x646; &#x633;&#x644;&#x64A;&#x645;&#x627;&#x646; &#x627;&#x644;&#x639;&#x646;&#x642;&#x631;&#x64A;.</subfield>
  </datafield>
  <datafield tag="250" ind1=" " ind2=" ">
    <subfield code="a">&#x637;. 1.</subfield>
  </datafield>
  <datafield tag="260" ind1=" " ind2=" ">
    <subfield code="a">&#x627;&#x644;&#x631;&#x64A;&#x627;&#x636; :</subfield>
    <subfield code="b">&#x648;&#x632;&#x627;&#x631;&#x629; &#x627;&#x644;&#x62A;&#x639;&#x644;&#x64A;&#x645; &#x627;&#x644;&#x639;&#x627;&#x644;&#x64A;&#x60C;</subfield>
    <subfield code="c">2012.</subfield>
  </datafield>
  <datafield tag="300" ind1=" " ind2=" ">
    <subfield code="a">318 &#x635;. :</subfield>
    <subfield code="b">&#x627;&#x64A;&#x636;. &#x61B;</subfield>
    <subfield code="c">25 &#x633;&#x645;.</subfield>
  </datafield>
  <datafield tag="650" ind1=" " ind2="4">
    <subfield code="a">&#x627;&#x644;&#x62A;&#x639;&#x644;&#x64A;&#x645; &#x627;&#x644;&#x639;&#x627;&#x644;&#x64A;</subfield>
    <subfield code="z">&#x627;&#x644;&#x633;&#x639;&#x648;&#x62F;&#x64A;&#x629;</subfield>
    <subfield code="v">&#x627;&#x62F;&#x644;&#x629;.</subfield>
  </datafield>
  <datafield tag="650" ind1=" " ind2="4">
    <subfield code="a">&#x627;&#x644;&#x62A;&#x639;&#x644;&#x64A;&#x645; &#x627;&#x644;&#x639;&#x627;&#x644;&#x64A;</subfield>
    <subfield code="v">&#x627;&#x62F;&#x644;&#x629;.</subfield>
  </datafield>
  <datafield tag="700" ind1="0" ind2=" ">
    <subfield code="a">&#x627;&#x644;&#x639;&#x646;&#x642;&#x631;&#x64A;&#x60C; &#x639;&#x628;&#x62F;&#x627;&#x644;&#x631;&#x62D;&#x645;&#x646; &#x628;&#x646; &#x633;&#x644;&#x64A;&#x645;&#x627;&#x646;.</subfield>
  </datafield>
  <datafield tag="999" ind1=" " ind2=" ">
    <subfield code="c">4054</subfield>
    <subfield code="d">4054</subfield>
  </datafield>
  <datafield tag="952" ind1=" " ind2=" ">
    <subfield code="0">0</subfield>
    <subfield code="1">0</subfield>
    <subfield code="2">DDC</subfield>
    <subfield code="4">0</subfield>
    <subfield code="7">0</subfield>
    <subfield code="a">CENTRAL</subfield>
    <subfield code="b">CENTRAL</subfield>
    <subfield code="d">2022-11-27</subfield>
    <subfield code="l">0</subfield>
    <subfield code="o">378.0025531 &#x633;403 &#x62F; &#x62A;</subfield>
    <subfield code="p">10000000012621</subfield>
    <subfield code="r">2022-11-27 00:00:00</subfield>
    <subfield code="t">C1</subfield>
    <subfield code="w">2022-11-27</subfield>
    <subfield code="y">REF</subfield>
  </datafield>
</record>
